World War 2 EXTREME Trivia - Statistics

General Stats
  • This quiz has been taken 16 times
  • The average score is 11 of 30
Answer Stats
Hint Answer % Correct
Name of the Scandinavian country Hitler invaded during the Winter War Norway
100%
Name of the German North-African campaign leader Erwin Rommel
88%
Codenome of DDAY Operation Overlord
75%
Forest that Battle of Bulge was fought in Ardennes
69%
largest tank battle in history Kursk
69%
Hitler's secret operation name of the Soviet campaign Operation Barbarossa
69%
Name of the signature HMS ship sunk by Bismark HMS Hood
63%
What part of China did Japan invade in 1931 Manchuria
63%
Name of the US service rifle M1 Garand
56%
name of one-use anti-tank weapon used by German military Panzerfaust
56%
Nickname given to the signature Japansese fighter plane Zero
56%
Name of Pacific Fleet Commander Chester Nimitz
44%
signature German pistol used during WW2 Luger
44%
name of failed US operation in Europe Market Garden
44%
British RAF Heavy Strategic bomber Lancaster
31%
Name of the pre-Nazi German government Weimar Republic
25%
Name of US divebomber Dauntless
19%
nickname given to the many US bombings of Japan after Pearl Harbor Doolittle Raids
19%
nickname of US submachine gun in the Pacific campaign Grease gun
19%
Nickname given to the signature Japanese torpedo plane Kate
19%
Name of US mounted machine gun M2 Browning
19%
name of the main US light tank used during WW2 M3/M5 Stuart
19%
American heavy tank M26 Pershing
13%
Nickname given to the British dam buster bomb Bouncing Betty
6%
Name of French Heavy Tank Char B1
6%
German submarine captured by US and brought to Chicago U-505
6%
Name of German unified military Wehrmacht
6%
Name of Soviet "tank with wings" Antonov A-40
0%
German multi-round mobile rocket launcher Nebelworfer
0%
Make and model of US submarines used in Pacific Campaign Seawolf
0%
No matching quizzes found
Score Distribution
Percent of People with Each Score
Percentile by Number Answered
Your Score History
You have not taken this quiz